Iron Man 2 (2010) character screen time - Statistics

General Stats
  • This quiz has been taken 64 times
  • The average score is 9 of 13
Answer Stats
screen time Answer % Correct
61:15 Tony Stark
100%
17:30 Pepper Potts
94%
18:45 Lt. Col. James "Rhodey" Rhodes
92%
20:45 Ivan Vanko
85%
5:30 Director Nick Fury
81%
4:15 Happy Hogan
77%
9:15 Natasha Romanoff
77%
16:30 Justin Hammer
65%
2:00 Agent Phil Coulson
58%
2:00 Howard Stark
42%
1:15 Anton Vanko
40%
1:30 Christine Everhart
33%
2:15 Senator Stern
29%
No matching quizzes found
Score Distribution
Percent of People with Each Score
Percentile by Number Answered
Your Score History
You have not taken this quiz